Practica de testamentos, en que se resuelven los casos mas frequentes, que se ofrecen en la disposicion de las ultimas voluntades / escrita por el P. Pedro Murillo Velarde, de la Compañia de Jesus. Dedicada a el gloriosissimo S. Ignacio de Loyola, fundador de la sacratissima religion de la Compañia de Jesus

Detalles Bibliográficos
Autor principal: Murillo Velarde, Pedro, S. J., 1696-1753
Formato: Libro
Lenguaje:Spanish
Publicado: México : reimpressa en la imprenta del Real, y mas antiguo Colegio de S. Ildefonso de Mexico, 1765.
Materias:
Colección:Banco de datos
Acervo:Fondo Antiguo José Gutiérrez Casillas. S.J. de la Biblioteca Eusebio F. Kino. de la Provincia Mexicana de la Compañía de Jesús
Descripción Física:[2] h., 60 p. ; 8°
Tema general:Derecho civil
Notas:Portada tipográfica con orla en grabado xilográfico. Texto a renglón seguido con paginación en números arábigos, apostillas marginales, signaturas y reclamos. Incluye cabecera de título y viñeta final con motivos florales en grabado xilográfico. Encuadernación en cartón con lomo en piel (16540). Encuadernación en piel sobre cartón (21601). Encuadernado con 51320-51321 (21601). Anotación manuscrita en el verso de la portada: "Biblioteca de Historia M. Cuevas S. J." (21601). Ex libris manuscrito en el verso de la portada: "Sr. Josef Antonio Alcocer. Con licencia del prelado" <rúbrica> (21601). Ex libris manuscrito en la última página de los preliminares: "Diego Antonio de Seijas Escalante y Rio" <rúbrica> (21601)
LEADER 01652nam a22001810004500
035 |a 1718 
041 0 |a spa 
100 1 |a Murillo Velarde, Pedro, S. J., 1696-1753 
245 1 0 |a Practica de testamentos, en que se resuelven los casos mas frequentes, que se ofrecen en la disposicion de las ultimas voluntades / escrita por el P. Pedro Murillo Velarde, de la Compañia de Jesus. Dedicada a el gloriosissimo S. Ignacio de Loyola, fundador de la sacratissima religion de la Compañia de Jesus 
260 |a México : reimpressa en la imprenta del Real, y mas antiguo Colegio de S. Ildefonso de Mexico, 1765. 
300 |a [2] h., 60 p. ; 8° 
500 |a Portada tipográfica con orla en grabado xilográfico. Texto a renglón seguido con paginación en números arábigos, apostillas marginales, signaturas y reclamos. Incluye cabecera de título y viñeta final con motivos florales en grabado xilográfico. Encuadernación en cartón con lomo en piel (16540). Encuadernación en piel sobre cartón (21601). Encuadernado con 51320-51321 (21601). Anotación manuscrita en el verso de la portada: "Biblioteca de Historia M. Cuevas S. J." (21601). Ex libris manuscrito en el verso de la portada: "Sr. Josef Antonio Alcocer. Con licencia del prelado" <rúbrica> (21601). Ex libris manuscrito en la última página de los preliminares: "Diego Antonio de Seijas Escalante y Rio" <rúbrica> (21601) 
501 |a 2 obras (21601) 
650 1 0 |a Derecho civil 
949 |a 16540, 21601 
942 |c KINO 
943 |g Fondo Antiguo José Gutiérrez Casillas. S.J. de la Biblioteca Eusebio F. Kino. de la Provincia Mexicana de la Compañía de Jesús 
999 |c 1094607  |d 1094607